00461nam a22001577a 450000500170000000800410001702000180005802200150007604100130009108200120010410000400011624500570015626000340021330000310024765000250027820231201121401.0231201b |||||||| |||| 00| 0 eng d a9780409117578 a0409004480 aEnglish  a349 JOU aJoubert, WA and Faris, JA lEnglish aThe Law of South Africa / cWA Joubert and JA Faris  aDurban : bLexisNexis, c2010 bvii, 261 pages ; c26 cm.  aLegal practice bLaw